• AIU
  • Tony Wilmot Memorial Library

The structure and function of ideophones in the SUBA language (Record no. 277)

MARC details
000 -LEADER
fixed length control field 00835nam a22001931a 4500
003 - CONTROL NUMBER IDENTIFIER
control field NEGST
005 - DATE AND TIME OF LATEST TRANSACTION
control field 20110718115603.0
008 - FIXED-LENGTH DATA ELEMENTS--GENERAL INFORMATION
fixed length control field 030714s2000 001 0 eng d
100 1# - MAIN ENTRY--PERSONAL NAME
Personal name Mattah, Naphtaly P. O.
245 14 - TITLE STATEMENT
Title The structure and function of ideophones in the SUBA language
Statement of responsibility, etc Naphtaly P. O. Mattah.
Medium [Text]
260 ## - PUBLICATION, DISTRIBUTION, ETC. (IMPRINT)
Place of publication, distribution, etc Nairobi, Kenya.]
Name of publisher, distributor, etc [NEGST
Date of publication, distribution, etc 2000
300 ## - PHYSICAL DESCRIPTION
Extent viii, 61p.
440 ## - SERIES STATEMENT/ADDED ENTRY--TITLE
Title Thesis (M.A. Translation Studies) Nairobi Evangelical Graduate School of Theology (Kenya)
500 ## - GENERAL NOTE
General note Includes bibliographical references Thesis (M.A. Translation Studies) - NEGST, Nairobi [Africana]
590 ## - LOCAL NOTE (RLIN)
Local note Includes bibliographical references Thesis (M.A. Translation Studies) - NEGST, Nairobi [Africana]
650 #0 - SUBJECT ADDED ENTRY--TOPICAL TERM
Topical term or geographic name as entry element Suba
General subdivision African language
-- Ideophones.
650 #0 - SUBJECT ADDED ENTRY--TOPICAL TERM
Topical term or geographic name as entry element Ideophones
General subdivision African language
-- Suba.
Holdings
Withdrawn status Lost status Source of classification or shelving scheme Damaged status Not for loan Collection code Home library Current library Shelving location Date acquired Source of acquisition Cost, normal purchase price Full call number Barcode Date last seen Copy number Price effective from Koha item type
    Library of Congress Classification     General Circulation AIU/NEGST - Tony Wilmot Memorial Library AIU/NEGST - Tony Wilmot Memorial Library General Stacks 06/09/2009 Donation 10.00 PL 8005.S8M38 2000 R07727K232 07/09/2014 1 06/09/2009 Africana collection (General)
    Library of Congress Classification     Thesis AIU/NEGST - Tony Wilmot Memorial Library AIU/NEGST - Tony Wilmot Memorial Library Thesis in Reference 06/09/2009   10.00 THE PL 8005.S8M38 2000 R09118X3232 09/26/2019 2 06/09/2009 Africana collection ( Reference)